000 01509aab a2200193 i 4500
001 768714001
003 CO-MdFUSB
005 20240422083203.0
008 221011s1995 ag ||||| |||| 00| 0 spa d
040 _bspa
_cCO-MdFUSB
_dCO-MdFUSB
041 _aspa
100 1 _aRooy, Sidney
_eautor
245 1 3 _aLa misión de las Sociedades Bíblicas en las Américas (3)
_c/ Sidney Rooy
300 _aVolumen 14, número 4 (octubre - diciembre, 1995), páginas: 26 - 28
_c; 27 cm
520 _aNinguna organización ha tenido un impacto tan contundente sobre la misión de las iglesias en América Latina como las sociedades Bíblicas. En forma especial, la Sociedad Bíblica Británica y extranjera y la sociedad bíblica Americana inspiraron y unieron a los grupos de cristianos en este gran esfuerzo. También participaron de manera significativa la Sociedad Bíblica Holandesa (organizada en 1814) y la Sociedad Bíblica Nacional de Escocia. En los primeros años de su existencia, sintieron el llamado divino para esta causa destacados individuos de muchas iglesias, más que las denominaciones como tales. Por lo tanto, aun en momentos de cismas, no salieron todos los miembros de una denominación. Para muchos, la causa de la traducción, la producción y la distribución era mucho más importante que las diferencias doctrinales.
650 7 _97022
_aHistoria
773 0 _tIglesia y Misión
_049402
_959642
_gVolumen 14, número 4 (octubre - diciembre, 1995), páginas: 26 - 28
_qPáginas: 26
942 _cANA
999 _c52158
_d52158